[Event "RUS-ch qual 57th"]
[Site "Tomsk"]
[Date "2004.05.31"]
[Round "9"]
[White "Rublevsky, Sergei"]
[Black "Iskusnyh, Sergei"]
[Result "1-0"]
[WhiteElo "2671"]
[BlackElo "2507"]
[Annotator "Gofshtein,L"]
[PlyCount "77"]
[EventDate "2004.05.23"]
[EventType "swiss"]
[EventRounds "9"]
[EventCountry "RUS"]
[SourceTitle "CBM 102"]
[Source "ChessBase"]
[SourceDate "2004.09.23"]
[SourceVersion "1"]
[SourceVersionDate "2004.09.23"]
[SourceQuality "1"]

1. e4 {[%mdl 4]} c5 2. Nf3 Nc6 3. Bb5 g6 {White has two main options: 4.Bc6 or
4.0-0 with a further c3 and d4, white chooses a more popular move} 4. Bxc6 dxc6
5. d3 Bg7 6. h3 b6 {Defending the weak c5 pawn in advance and preparing the
advance e5} 7. Nc3 e5 8. Be3 Ne7 9. O-O {Completing the development and
preparing a breakthrough on the queenside. Another possible move - 9.Qd2 leads
to a double edged positions as the practice shows.} (9. Qd2 h6 10. g4 (10. a4
a5 11. g4 h5 12. Rg1 hxg4 13. hxg4 Be6 14. Qe2 Qd7 15. Nd2 O-O-O 16. O-O-O $132
{1/2-1/2 Malakhov,V-Gasimov,R/Holon 1995/EXT 97 (51)}) (10. Nh2 Be6 11. Rd1 (
11. O-O-O Qd7 12. Kb1 O-O-O 13. Qe2 f5 $132 {1/2-1/2 Adams,M-Kramnik,V/Las
Vegas 1999/CBM 72 (17)}) 11... Qd7 12. a3 f5 13. exf5 gxf5 14. f4 exf4 15. Bxf4
Ng6 16. Nf3 O-O-O $132 {1/2-1/2 Brodsky,M-Khasin,A/Rishon Le Ziyyon 1997/CBM
62 ext (38)}) 10... Be6 11. O-O-O Qc7 12. Qe2 g5 13. Kb1 Ng6 14. Nd2 Nf4 $132 {
1-0 Salem,I-Ruiz,G/Guines 1994/EXT 2000 (35)}) 9... h6 10. a3 {White chooses a
plan which involves the advance of pawns on the queenside. Other possibility
10.Nh2 allows black a counter play} (10. Nh2 Be6 11. f4 exf4 12. Bxf4 g5 13.
Bg3 Qd7 14. Kh1 O-O-O 15. Nf3 f5 $132 {0-1 Sanduleac,V-Kotronias,V/Istanbul
2003/CBM 96 (41)}) 10... a5 $6 {Black defends while it was neccesary to
counter-attack. For example after 10...0-0 with a further 11...f5 black
creates a serious counterplay} (10... O-O $5 11. Nd2 Be6 12. Ne2 f5 13. f4 exf4
14. Nxf4 Bf7 15. Rb1 fxe4 16. Nxe4 Nd5 $132 {1-0 Nedev,T-Tzermiadianos,A/
Istanbul 2003/CBM 96 (27)}) 11. Na4 {This is how white prepares the
breakthrough b2-b4 opening lines on the queenside} f5 12. b4 (12. exf5 Nxf5
$132) 12... f4 {Throwing the white bishop away and preparing the attack on the
kingside} 13. Bd2 cxb4 14. axb4 axb4 15. Bxb4 c5 16. Bc3 {Looking at the e5
pawn} Qc7 {Another possible defence: 16...Nc6 gave white the initiative after:}
(16... Nc6 17. Qb1 Bd7 18. Qb3 $36 (18. Qxb6 $2 Rxa4)) 17. Bb2 $5 {White frees
the c3 square for the knight} (17. Nxb6 Rxa1 18. Qxa1 Qxb6 19. Bxe5 Bxe5 20.
Qxe5 Rf8) 17... O-O 18. c4 {Preparing the transfer of the knight to d5} g5 {
Black tries to create counterplay on the kingside} 19. Nc3 Rxa1 20. Qxa1 g4 {
Black tries to start the complications immideatly. But also in case of a
cautious 20...Ng6 white has the better chances due to his active knight on d5
and the pressure over the b-file} (20... Ng6 21. Nd5 Qd6 22. Rb1 g4 23. hxg4
Bxg4 24. Bc3 $36) 21. Nb5 $1 Qc6 22. hxg4 Bxg4 23. Nxe5 Bxe5 24. Bxe5 $16 {
Black has sacrificed the pawn but didn't get enough compensation for it} f3 25.
Bd6 fxg2 26. Re1 {A typical example: the black pawn on g2 "protects" the white
king} Rf3 {Black puts everything at stake, he sacs another piece and hoping
for a lucky chance} (26... Rf7 27. Qe5 $36) 27. Bxe7 Qg6 28. Bd6 Qh5 29. Bh2
Qh4 (29... Rh3 30. Qa8+ Kg7 31. Qb7+ $18) (29... Rxf2 30. Kxf2 Qxh2 31. Ke3
Qg3+ 32. Kd2 Qf2+ 33. Kc3 $18) 30. Qa2 Rxd3 31. Ra1 {Bringing the rook to an
active spot. 31.Qa8+ was also possible} (31. Qa8+ Kh7 32. Qb7+ Bd7 33. Qxb6)
31... Bd7 32. Qb2 Kh7 33. Qe5 $18 {The queen moves to a very active place with
a decisive effect} Rf3 34. Ra2 Rf7 35. Nd6 {Bringing the knight into play
guarantees the win for white} Re7 36. Nf5 Rxe5 37. Nxh4 Rxe4 38. Ra7 Rd4 39.
Nf3 1-0

[Event "RUS-ch qual 57th"]
[Site "Tomsk"]
[Date "2004.05.28"]
[Round "6"]
[White "Jakovenko, Dmitrij"]
[Black "Filippov, Valerij"]
[Result "1-0"]
[WhiteElo "2582"]
[BlackElo "2639"]
[Annotator "Gofshtein,L"]
[PlyCount "157"]
[EventDate "2004.05.23"]
[EventType "swiss"]
[EventRounds "9"]
[EventCountry "RUS"]
[SourceTitle "CBM 102"]
[Source "ChessBase"]
[SourceDate "2004.09.23"]
[SourceVersion "1"]
[SourceVersionDate "2004.09.23"]
[SourceQuality "1"]

1. e4 c5 2. Nf3 Nc6 3. Bb5 g6 4. Bxc6 dxc6 5. d3 Bg7 6. Nc3 Bg4 7. h3 Bxf3 8.
Qxf3 Nf6 9. Qe2 (9. O-O e5 (9... Nd7 10. Be3 O-O 11. a3 a5 {[%cal Ga5a4]} 12.
a4 b6 13. Rab1 Re8 14. Ne2 Nf8 15. h4 e5 16. h5 Ne6 $11 {Yudasin,L-Spasov,V/
EUCup Gr1 1996/1/2-1/2 (57)}) 10. Nd1 {trying to bring the knight to c4 which
doesn't give any advantage as well} Nd7 {[%cal Gd7f8,Gf8e6,Ye6d4,Ye6f4]} 11.
Ne3 Nf8 12. a4 Ne6 13. Nc4 O-O 14. Bd2 a5 15. Rfe1 Nd4 $11 {1/2-1/2 Sulskis,
S-Sutovsky,E/Koszalin 1999/CBM 73}) 9... e5 10. Be3 {Jakovenko already had
experience in this line, in 2003 he played it against Bocharov and lost, this
time he changes the move order} (10. O-O O-O 11. a4 Nd7 12. Be3 a5 13. Rae1 Qe7
14. Qd2 Rfd8 $13 {0-1 Jakovenko,D-Bocharov,D/Togliatti 2003/CBM 94 ext (40)})
10... Nd7 11. O-O Qe7 12. a3 {white doesn't play b4 so probably this move is
not needed} (12. f4 {would be answered by} exf4 {similar to the game}) 12...
O-O (12... Nf8 {also deserves attention} 13. b4 Ne6 14. Na4 b6 {with the idea
to counter} 15. bxc5 {with} b5) 13. Kh1 b6 14. Qd2 Rad8 15. Rae1 Rfe8 {the
position looks totally equal} 16. f4 exf4 17. Bxf4 Be5 18. Qf2 (18. Bg5 f6 19.
Be3 Nf8 {doesn't give anything for white}) 18... Bxf4 19. Qxf4 Ne5 {black has
no problems and it looks as the game would quickly be drawn} 20. b3 Kg7 21. a4
Rd6 {transfering the rook to f6 and forcing more exchnages} 22. Nd1 Rf6 23.
Qxf6+ Qxf6 24. Rxf6 Kxf6 25. Kg1 h5 {the draw could be agreed any moment but
it's interesting to see how black tries to win at all cost and gives chances
to white} 26. Kf2 h4 27. Ne3 Kg5 28. Nc4 Kf4 (28... Nxc4 29. bxc4 {is better
for white as he can make some problems for black on the queenside with a4-a5})
29. Nxe5 Kxe5 30. Ke3 f5 31. Rf1 (31. exf5 {is also a draw but white shouldn't
allow black even a symbolic advantage} Kxf5+ 32. Kf2 Rxe1 33. Kxe1 Kf4 34. Kf2
g5 35. Ke2 Kg3 36. Kf1 g4 37. hxg4 Kxg4 38. Kf2 Kf4 39. Ke2 Kg3 40. Kf1) 31...
Rh8 32. Rf4 Rh5 33. exf5 gxf5 34. Rc4 a5 35. Kf3 Kd5 36. Rf4 b5 37. g3 hxg3 38.
h4 Ke5 39. Kxg3 Rh8 {if anyone made progress over the last few moves it's only
white, who has the far passed pawn} 40. Rf2 Rg8+ 41. Kf3 bxa4 42. bxa4 Rg4 $2 {
a serious mistake, black misses white 44th strong move, after 42...c4 black
still keeps the equal chances} (42... c4 43. h5 (43. dxc4 Rg4) 43... cxd3 44.
cxd3 Rh8 45. Rh2 Rh6 46. Rh4 (46. d4+ Kxd4 47. Kf4 c5 48. Kxf5 c4 {is fine for
black}) 46... c5 47. Ke3 f4+ 48. Kf3 Rd6 49. h6 Rxd3+ 50. Ke2 Rd8 {and black
is not in danger}) 43. Re2+ Kf6 (43... Kd5 {going to the other direction is
even worse} 44. Rh2 $1 Rxa4 45. h5 Rg4 46. h6 Rg8 47. Kf4 Ke6 48. h7 Rh8 49.
Kg5 Kf7 50. Kh6 {winning for white}) 44. Re4 $1 {black has probably missed
this move, now he has to fight for a draw} Rg1 (44... Rg6 {looks more stubborn}
45. Rc4 Rh6 46. Rxc5 Rxh4 47. Rxa5 Ke6 {it's not clear whether white's
adavantage is enough for a win}) 45. Rc4 Rf1+ 46. Ke3 $2 (46. Kg2 {is much
stronger} Ra1 47. Rxc5 Rxa4 48. Rxc6+ Ke5 49. h5 Rh4 50. h6 (50. Rc5+ Ke6 51.
Rxa5 Rxh5 {and it's not clear whether white can win it}) 50... a4 51. Ra6 f4
52. Kf3 {and it looks as white should win it}) 46... Re1+ 47. Kf4 Re5 {now
black is fine again and should easily draw} 48. h5 Rd5 49. d4 (49. c3 Kg7 50.
Kg5 f4+ 51. Kxf4 Rxh5 52. d4 Kf7 53. Rxc5 Rxc5 54. dxc5 Kf6 55. Ke4 Ke6 56. c4
Kf6 {is a draw}) 49... cxd4 {there was probably a tough time trouble as black
misses a very simple draw with 49...Rxd4} (49... Rxd4+ 50. Rxd4 cxd4 51. h6 c5
52. h7 Kg7 53. Kxf5 Kxh7 54. Ke4 Kg6 55. Kd5 Kf5 56. Kxc5 Ke4 57. Kb5 Ke3 $11)
50. Rxc6+ Kg7 51. Kg5 d3 (51... f4+ {should lead to a draw as well} 52. Kxf4
Rxh5 53. Ke4 Rh4+ 54. Kd3 Rh3+ 55. Kxd4 Rh4+ 56. Kd5 Rxa4 57. c4 Ra1 58. Ra6 a4
59. c5 a3 60. Kc6 a2 {is a draw}) 52. Rc7+ Kh8 53. cxd3 Rxd3 54. Rc4 (54. Ra7
f4 55. Rxa5 Rd4 56. Kg4 f3+ 57. Kxf3 Kh7 {is a theoretical draw}) 54... Kh7 55.
Rc7+ Kh8 56. Rc5 f4 57. Rxa5 Rd4 58. Ra8+ Kh7 59. Ra7+ Kh8 60. Kg4 Rd5 $2 (
60... f3+ 61. Kxf3 Rb4 {and in spite of white's two extra pawns the position
is an easy theoretical draw}) 61. Rf7 Ra5 62. Rxf4 {now white is winning} Kg7
63. Kf3 Rxh5 64. Ke4 Ra5 65. Kd3 Kg6 66. Kc3 Kg5 67. Rd4 Kf6 (67... Kf5 68. Kb4
Ra8 69. a5 Ke5 70. Rd1 {and white is winning}) 68. Kb4 Ra8 69. Re4 $1 {but not
69.a5 which allows black to reach a draw} (69. a5 Ke7 $1 70. Kb5 Rd8 $1 {
the only defence, now it's a draw} 71. Rc4 Rb8+ 72. Ka4 Kd7 $11) 69... Kf5 70.
Re3 Rb8+ 71. Kc5 Ra8 72. Kb5 Rb8+ 73. Kc6 Ra8 74. Ra3 Ke6 75. a5 Rc8+ 76. Kb7
Rc1 77. a6 Rb1+ 78. Kc7 Rc1+ 79. Kb6 1-0

[Event "FRA-chT poule basse"]
[Site "France"]
[Date "2003.05.09"]
[Round "10.4"]
[White "Glek, Igor Vladimirovich"]
[Black "Karr, Jean Philippe"]
[Result "1-0"]
[WhiteElo "2576"]
[BlackElo "2376"]
[Annotator "Gofshtein,L"]
[PlyCount "75"]
[EventDate "2003.05.07"]
[EventType "team"]
[EventRounds "4"]
[EventCountry "FRA"]
[SourceTitle "CBM 095"]
[Source "ChessBase"]
[SourceDate "2003.07.25"]
[SourceVersion "1"]
[SourceVersionDate "2003.07.25"]
[SourceQuality "1"]
[WhiteTeam "Vandoeuvre"]
[BlackTeam "Noyon"]
[WhiteTeamCountry "FRA"]
[BlackTeamCountry "FRA"]

1. e4 {[%mdl 4]} c5 2. Nf3 Nc6 3. Bb5 g6 4. O-O Bg7 5. c3 {White employs an
old continuation, currently out of fashion.Lately,a more popular continuation
is intricately related with the attack on c6.} Nf6 6. Re1 O-O 7. e5 (7. h3 e5
8. d4 cxd4 9. cxd4 exd4 10. e5 Nd5 11. Bg5 Qa5 12. Na3 a6 13. Bc4 Nb6 $2 (13...
Nde7 $142) (13... Nde7 $142) 14. Bb3 Nxe5 15. Nxe5 Bxe5 16. Bh6 $18 {
Anand-Salov, Paris 1991}) 7... Nd5 8. d4 cxd4 9. cxd4 d6 10. Nc3 Nc7 11. exd6
Qxd6 12. Bg5 Be6 {12...Ne6 deserves attention as was played by black in
another of I. Gleka's games.} (12... Ne6 $5 13. Ne4 Qd8 14. Bxc6 Nxg5 15. Nexg5
bxc6 16. Rc1 h6 17. Ne4 Bg4 18. Rxc6 Bxf3 19. Qxf3 Qxd4 20. Rc2 $14 {1-0 Glek,
I-Lemmers,O/BEL 1997/EXT 98 (67)}) 13. Bxc6 $5 {White is creating weaknesses
in his opponent's camp.} bxc6 14. Qd2 {Belie gotovjat tupuchniu v etux
pozizijax razmen chernopolnix clonov} Rfe8 15. Bf4 Qd8 16. Be5 Bd5 17. Bxg7
Kxg7 18. Ne5 {Taking the weakness on c6 into account and a possible attack on
black's king, white has better chances.} Ne6 19. Re3 $5 $146 {White brings his
rook to the third horizontal in order to attack the king.} (19. Ng4 h5 20. Qh6+
Kg8 21. Ne5 Ng7 22. Ne2 {0-1 Glek,I-Lanka,Z/Moscow 1991/CBM 26/[Blatny,P] (33)}
) 19... Nf8 20. Rc1 $16 {Black doesen't have active play so white continues to
involve more of his pieces.} Qa5 21. Rh3 {White is trying to reach black's
king.Deserving of attention was a game on both sides of the board by way of 21.
a3 followed by b4, even further enclosing black's pieces.} (21. a3 $5 Ne6 22.
Rh3 h5 23. b4 Qb6 24. Rd3 $36) 21... Rad8 22. Qh6+ (22. Qf4 f6 23. Nxd5 Qxd5
24. Nxc6 Rd6 25. Qh6+ Kg8 26. Rhc3 Qxa2) 22... Kg8 23. Re1 {White continues
his attack.He rearranges his pieces in order to throw the h-pawn into the
attack.} c5 {Black uses the opportunity to get rid of the weak pawn on c6.} 24.
dxc5 Qxc5 25. Rg3 Ba8 26. h4 {[%mdl 128]} Qb6 {[%cal Rb6f6,Rf6g7,Rb6b2] The
last move is meant to bring black's queen into the defense.} 27. h5 Qf6 28. Qe3
$5 {[%cal Ye3a7] White creates multi-dimentional threats on both sides.} Nd7
29. Ng4 $1 {Forcing black's queen out of its defensive position white reaches
his goal.} Qb6 30. hxg6 hxg6 31. Qh6 {Threatening his opponent's king.} Qd4 32.
Rd1 Qg7 33. Qxg7+ Kxg7 34. Rgd3 $18 {Pinning on the d-file is decisive.} Bc6
35. Ne5 Nxe5 36. Rxd8 Rxd8 37. Rxd8 g5 38. b4 1-0

[Event "RUS-ch qual 57th"]
[Site "Tomsk"]
[Date "2004.05.31"]
[Round "9"]
[White "Novikov, Maxim"]
[Black "Maletin, Pavel"]
[Result "0-1"]
[WhiteElo "2426"]
[BlackElo "2423"]
[Annotator "Gofshtein,L"]
[PlyCount "84"]
[EventDate "2004.05.23"]
[EventType "swiss"]
[EventRounds "9"]
[EventCountry "RUS"]
[SourceTitle "CBM 102"]
[Source "ChessBase"]
[SourceDate "2004.09.23"]
[SourceVersion "1"]
[SourceVersionDate "2004.09.23"]
[SourceQuality "1"]

1. e4 c5 2. Nf3 Nc6 3. Bb5 g6 4. O-O Bg7 5. c3 {In the last few years the
other line - 5.Bc6 has been more popular} Nf6 6. Re1 O-O 7. d4 d5 8. e5 Ne4 9.
Nbd2 cxd4 10. cxd4 Bd7 $146 {[%mdl 8] A new move. Previously black played 10...
Qb6 or 10...Bf5 ans as the tournament practice shows black gets good counter
chances} (10... Qb6 11. Bxc6 Qxc6 12. Nf1 (12. Nxe4 dxe4 13. d5 $5 (13. Ng5 Rd8
14. Bf4 Qd5 $132 {0-1 Polgar,J-Kramnik,V/Monte Carlo 1994/CBM 40 ext (40)})
13... Qc4 14. Ng5 Bxe5 15. Rxe4 Qc7 16. Nf3 Bf6 17. Bg5 $14 {1-0 Skripchenko,
A-Anhchimeg,B/Bled 2002/EXT 2003 (71)}) (12. Qe2 Bf5 13. Nh4 Be6 14. Nxe4 dxe4
15. Qxe4 Bd5 16. Qe2 $14 {1-0 Lanin,A-Shariyazdanov,A/Togliatti 2003/CBM 94
ext (55)}) 12... f6 13. exf6 exf6 $132 {0-1 Pierrot,J-Horvath,P/Budapest 2001/
CBM 85 ext (77)}) (10... Bf5 $5 11. Bxc6 bxc6 12. Nh4 (12. Nb3 a5 13. Be3 a4
14. Nc1 a3 15. bxa3 Rxa3 $132 {0-1 Akopian,V-Kasparov,G/Internet ICC 1998/EXT
2003 (32)}) 12... Be6 13. Nb3 g5 14. Nf3 f6 $132 {0-1 Gusev,V-Korsunsky,R/
Novosibirsk 1986/EXT 2000 (21)}) (10... Nxd2 11. Bxd2 Qb6 12. Bxc6 bxc6 13. Bc3
Bg4 14. h3 {0-1 Montes de Oca,J-Poluljahov,A/Buenos Aires 1998/CBM 67 ext (44)}
) 11. Bd3 {11.Ne4 deserved attention with a further capture of the pawn and
chances of getting an opening advantage} (11. Nxe4 $5 dxe4 12. Rxe4 Rc8) 11...
Nxd2 12. Bxd2 Bg4 {[%cal Yc6d4] Because of the chronical weakness on d4 black
doesn't have any real opening problems} 13. Bc3 Qb6 {[%cal Yc6d4,Yb6d4]} 14. h3
Bxf3 15. Qxf3 e6 {In case of 15...Nd4 white has the pair of bishops and keeps
a minimal advantage} (15... Nxd4 16. Qxd5 Rad8 17. Qe4 $14) 16. Rad1 f6 {
Black breaks white's pawn chain and tries to activize his dark squared bishop
and to open the f-file for the rook. 16...Nd4 was also possible leading to a
counterplay for black} (16... Nxd4 $5 17. Bxd4 Qxd4 18. Bxg6 Qxb2 19. Re2 Qb4
20. Bd3 Qh4 $132) 17. exf6 (17. Qg4 $5 Rae8 18. exf6 Rxf6 19. Re2 $14) 17...
Rxf6 18. Qe3 Raf8 {[%cal Rf6f2] Bringing the rook to action and strengthening
the pressure on the pawn f2} 19. Be2 {Freeing the d-file to allow further
protection of the d4 pawn and trying to bring the bishop to h3-c8 diagonal} Kh8
{A profilactic move. Black moves the king out of the check on e6 in advance} (
19... Rxf2 20. Qxe6+ Kh8 21. Qxd5) 20. Bg4 {Attacking the pawn on e6 and
allowing black to take on f2} (20. Bf3 $5) 20... Rxf2 21. Bf3 $6 {Trying to
catch the black rook. After the simple 21.Be6 white keeps a minimal advantage}
(21. Bxe6 $5 Rxb2 22. Bxb2 (22. Bxd5) 22... Qxb2 23. Qg5) 21... Rc2 $5 {
Black deflects the white queen from attacking the e6 pawn, planning to
sacrifice the exchange in a more profitable situation} (21... Rxb2 22. Bxb2
Qxb2 23. Qxe6 Nxd4 24. Qxd5 Nxf3+ 25. gxf3 b5 $132) 22. Qd3 Rxb2 $5 {[%mdl 512]
} 23. Bxb2 (23. Rxe6 Rxa2 24. Bxd5 Ra3) 23... Qxb2 24. Rxe6 Nxd4 {After a
serie of forced moves it became clear that black has the initiative and has
more than enough compensation for the exchange} 25. Ree1 {The immideate 25.
Ree7 seems more active} (25. Re7 $5 Nxf3+ 26. gxf3 Qb4) 25... Qxa2 {Taking
another pawn and defending d5 pawn} 26. Rf1 Qc4 {Black consolidates his
position. In case of the exchange of queens he gets a dangerous passed pawn on
the c-file} 27. Qa3 Qc7 {[%cal Rc7g3] The queen maneouvre prevents from
white's pieces become active, for example: 28.Qa7 Nf3+} 28. Bg4 (28. Kh1 Nf5
$17) (28. Qxa7 Nxf3+ $17) 28... Rxf1+ 29. Rxf1 h5 $5 {Throwing the white
bishop out of the dangerous diagonal h3-c8. This way black creates an option
of jumping with the knight to f5 and creating dangerous threats to the white
king} 30. Bd1 Nf5 $36 {[%cal Rg7d4,Rf5g3]} 31. Rf3 {[%cal Rf3g3] White defends
against the invasion to g3} Qe5 {[%cal Re5e1] Centralizing the queen and
creating threats on the e-file} (31... h4 $5) 32. Qd3 (32. Qxa7 Qe1+ 33. Rf1
Qe7 34. Rf4 Bh6 $40) 32... Qe1+ 33. Rf1 Qe6 {Making way for the dark squared
bishop} 34. g3 Bd4+ 35. Kh2 Be5 {[%csl Rg3][%cal Re5g3,Yf5g3] Attacking the g3
pawn and creating decisive threats to the opponent's king} 36. Re1 h4 $19 37.
Kg2 hxg3 38. Bg4 Nh4+ 39. Kg1 Qf6 $1 {[%cal Rf6f2,Re5d4] Avoiding the pin and
creating new threats to the white king} 40. Qd2 Bd4+ 41. Kh1 g2+ 42. Kh2 Qd6+
0-1

[Event "RUS-ch qual 57th"]
[Site "Tomsk"]
[Date "2004.05.29"]
[Round "7"]
[White "Novikov, Maxim"]
[Black "Iskusnyh, Sergei"]
[Result "0-1"]
[WhiteElo "2426"]
[BlackElo "2507"]
[Annotator "Gofshtein,L"]
[PlyCount "70"]
[EventDate "2004.05.23"]
[EventType "swiss"]
[EventRounds "9"]
[EventCountry "RUS"]
[SourceTitle "CBM 102"]
[Source "ChessBase"]
[SourceDate "2004.09.23"]
[SourceVersion "1"]
[SourceVersionDate "2004.09.23"]
[SourceQuality "1"]

1. e4 c5 2. Nf3 Nc6 3. Bb5 g6 4. O-O Bg7 5. Re1 Nf6 6. c3 O-O 7. h3 e5 8. d4
cxd4 9. cxd4 Nxd4 (9... exd4 10. e5 Nd5 11. Bg5 Qc7 12. Qb3 Nb6 13. Nbd2 $5 d5
14. Rac1 Bd7 15. Be7 Rfe8 16. Bd6 Qd8 17. Bxc6 Bxc6 18. Nxd4 $14 {1/2-1/2
Shaposhnikov,E-Zontakh,A/St Petersburg 1996}) 10. Nxd4 exd4 11. Qxd4 (11. e5 {
doesn't promise much to white} Nd5 12. Bc4 Nb6 {and d7-d6 black is fine}) 11...
d5 $1 12. e5 Ne4 13. Nd2 (13. Nc3 Nxc3 14. bxc3 Qa5 15. a4 Be6 16. Ba3 Rfc8 17.
Bb4 Qd8 18. a5 Bf8 19. Bf1 Rc7 {1/2-1/2 Kobalia,M-Smirnov,P/Dagomys RUS 2004/
The Week in Chess 494 (28) and black didn't have problems to make a draw})
13... Ng5 $1 {A very strong maneouvre, an improvement over the previously
played 13...Bf5, black transfers the knight to e6 and plays f7-f6} (13... Bf5
14. Nf3 Be6 15. Bf4 h6 16. Qe3 g5 17. Bh2 Qb6 18. Nd4 Rfd8 19. f3 Nc5 20. Rad1
{1/2-1/2 Kobalia,M-Yagupov,I/Tomsk RUS 2004/The Week in Chess 499 (73) and
white has a clear advantage}) 14. Nb3 Ne6 {it's not easy to find a suitable
place for the white queen} 15. Qb4 (15. Qd1 f6 16. exf6 Qxf6 {and black seizes
the initiative}) 15... f6 16. exf6 Qxf6 {There was surely a better way to
protect f2, 17.Re2 for example, although black seems a little better already}
17. Be3 $2 (17. Re2 Nc7 18. Be3) 17... Nc7 $2 {I wonder what white had in mind
after 17...d4, it seems that he doesn't have any compensation for the lost pawn
} (17... d4 18. Bd2 Qxf2+ 19. Kh1 (19. Kh2 Nf4 20. Bxf4 Qxf4+ 21. Kh1 Bf5)
19... Qg3 {with the idea Be5}) 18. Re2 {Perhaps there was another move order,
17.Re2 Nc7 18.Be3} a5 $6 (18... Bf5 {looks better, with approximately equal
chances}) 19. Qc5 Qd8 {Black prepared a trap which is not very obvious and
white falls into it} 20. Rd1 $2 (20. Rc1 Nxb5 (20... Ne6 21. Qc2 a4 22. Nc5 {
and white seems to be the active side here}) 21. Qxb5 a4 22. Nc5 {with a small
edge for white}) 20... b6 $1 {now white is in trouble} 21. Qc6 {the best chance
} (21. Qxb6 Nxb5 22. Qxb5 Ba6 {and black is winning}) 21... Rf6 22. Bxb6 Rxc6
23. Bxc6 Ra6 24. Bxd5+ {Black has to give the queen back and in spite the
equal material (3 pawns for a minor piece) black's pair of bishops decides the
game in his favour} Qxd5 25. Rxd5 Nxd5 26. Bxa5 Kf7 {Black's advantage is
decisive since white's pieces are miscoordinated and he can't put any
resistance. The rest is easy} 27. Rc2 Be6 28. Kf1 Nf4 29. Rc7+ Kg8 30. Bd2 Be5
31. Rc5 Nd3 32. Ra5 Rxa5 33. Bxa5 Bxb2 34. Bd2 Bc4 35. Kg1 Ba3 {the position
is hopeless for white and he resigned} 0-1